000 00379nam a22001697a 4500
003 OSt
005 20260306142525.0
008 260306b |||||||| |||| 00| 0 eng d
040 _cFLL
041 _aENG
_dENG
100 _aPANDEY, J.N
245 _aCONSTITUTIONAL LAW OF INDIA
250 _a62nd
260 _aPRAYAGRAJ
_bCLA
_c2025
300 _a957
942 _2CC
_cTB
_n0
999 _c1688515
_d1688515